| 000 | 005120000a22001810004500 | ||
|---|---|---|---|
| 003 | MACL | ||
| 005 | 20151001153049.0 | ||
| 008 | 151001b xxu||||| |||| 00| 0 eng d | ||
| 040 |
_aMACL _cMACL |
||
| 041 | _aEnglish | ||
| 082 | _a900/GUP | ||
| 100 |
_aGupta Sobhanlal Datta _913078 |
||
| 245 |
_aComintern And The Destiny Of Communism In India _bDialecties Of Real And A Possible History |
||
| 260 |
_bSeribaan Publication _c2006 _aKolkata |
||
| 350 | _a695 | ||
| 650 |
_aHistory _913079 |
||
| 942 |
_cBK _k900 _2ddc |
||
| 999 |
_c1734 _d1734 |
||